书目信息 |
| 题名: |
辛亥革命
|
|
| 作者: | 柴德赓 , 荣孟源 , 刘迺龢 , 张次溪 , 张鸿翔 , 陈桂英 , 单士魁 编著 | |
| 分册: | 第二册 | |
| 出版信息: | 上海 上海人民出版社 1957.07 |
|
| 页数: | 558页 | |
| 开本: | 19cm | |
| 丛书名: | 中国近代史资料丛刊 | |
| 单 册: | ||
| 中图分类: | K257.1 | |
| 科图分类: | ||
| 主题词: | 中国--历史--1840~1949 | |
| 电子资源: | ||
| ISBN: | ||
| 000 | 00896nam0 2200301 45 | |
| 001 | 0209231656 | |
| 005 | 20060813094601.82 | |
| 010 | @b精装@dCNY21.60(8册) | |
| 091 | @a11074.115 | |
| 100 | @a20020923d1957 km y0chiy0120 ea | |
| 101 | 0 | @achi |
| 200 | 1 | @a辛亥革命@AXin Hai Ge Ming@h第二册@f柴德赓等编著@FChai De Geng Deng Bian Zhu |
| 210 | @a上海@c上海人民出版社@d1957.07 | |
| 215 | @a558页@c照片@d19cm | |
| 225 | @a中国近代史资料丛刊@f中国史学会主编 | |
| 410 | @12001 @a中国近代史资料丛刊 | |
| 410 | @1700 0@a中国史学会@AZhong Guo Shi Xue Hui@4主编 | |
| 606 | 0 | @a中国@x历史@z1840~1949 |
| 690 | @aK257.1@v3 | |
| 701 | 0 | @a柴德赓@4编著 |
| 701 | 0 | @a荣孟源@4编著 |
| 701 | 0 | @a刘迺龢@4编著 |
| 701 | 0 | @a张次溪@4编著 |
| 701 | 0 | @a张鸿翔@4编著 |
| 701 | 0 | @a陈桂英@4编著 |
| 701 | 0 | @a单士魁@4编著 |
| 801 | @aCN@bTSTC@c20060813 | |
| 905 | @dK257.1@e8:2@f2@b255429-430 | |
| 辛亥革命.第二册/柴德赓等编著.-上海:上海人民出版社,1957.07 |
| 558页:照片;19cm.-(中国近代史资料丛刊/中国史学会主编) |
| ISBN (精装):CNY21.60(8册) |
| ● |
| 相关链接 |
|
|
|
|
正题名:辛亥革命
索取号:K257.1/8:2
 
预约/预借
| 序号 | 登录号 | 条形码 | 馆藏地/架位号 | 状态 | 备注 |
| 1 | 0054039 | 202083672 | 第二样本阅览室/ [索取号:K257.1/8:2] | 在馆 | |
| 2 | 0054040 | 001293549 | 密集书库/ [索取号:K257.1/8:2] | 在馆 | |
| 3 | 0068229 | 001839915 | 密集书库/ [索取号:K257.1/8:2] | 在馆 | |
| 4 | 0068230 | 001838685 | 密集书库/ [索取号:K257.1/8:2] | 在馆 | |
| 5 | 0068231 | 001838694 | 密集书库/ [索取号:K257.1/8:2] | 在馆 | |
| 6 | 0255429 | 001293488 | 第二借阅区/ [索取号:K257.1/8:2] | 在馆 | |
| 7 | 0255430 | 001293567 | 第二借阅区/ [索取号:K257.1/8:2] | 在馆 | |
| 8 | 0456264 | 204562641 | 密集书库/ [索取号:K257.1/8:2] | 在馆 |